[Event "Titled Tue 29th Oct Early"]
[Site "chess.com INT"]
[Date "2024.10.29"]
[Round "10"]
[White "Nakamura,Hi"]
[Black "Carlsen,M"]
[Result "1/2-1/2"]
[WhiteElo "2802"]
[BlackElo "2831"]

1.b3 g6 2.Bb2 Nf6 3.d4 Bg7 4.Nf3 O-O 5.e3 b6 6.Be2 Bb7 7.O-O d6 8.c4 Nbd7
9.Qc2 e6 10.Nc3 Qe7 11.e4 e5 12.dxe5 Nxe5 13.Nxe5 dxe5 14.Nd5 Qd6 15.Rfd1 c5
16.a4 a5 17.Rd2 Rad8 18.Rad1 Bxd5 19.cxd5 Bh6 20.Rd3 Bg5 21.Rf3 Qe7 22.Bb5 Ne8
23.Bxe8 Rfxe8 24.g3 h5 25.h4 Bh6 26.Qc4 Rd6 27.Kg2 Kg7 28.Rfd3 Kh7 29.Re1 f6
30.Qc2 Qd7 31.Rf3 Rc8 32.Qc4 Re8 33.Bc3 Rf8 34.Bb2 Re8 35.Bc1 Bxc1 36.Rxc1 Kg7
37.Qc3 Qg4 38.Re1 Qd7 39.Rfe3 Rc8 40.Qc4 Re8 41.Kh2 Qg4 42.f3 Qd7 43.Kg2 Re7
44.Kf2 Qh3 45.Qf1 Qc8 46.Kg2 Qd7 47.Qe2 f5 48.Qc4 fxe4 49.fxe4 Rf6 50.Rf1 Ref7
51.Rxf6 Rxf6 52.Rf3 Rxf3 53.Kxf3 Qh3 54.Kf2 Qh2+ 55.Kf3 Qh1+ 56.Kf2 Qh2+
57.Kf3 Qh1+ 58.Kf2 Qh2+  1/2-1/2

[Event "Titled Tue 29th Oct Early"]
[Site "chess.com INT"]
[Date "2024.10.29"]
[Round "11"]
[White "Paravyan,D"]
[Black "Nakamura,Hi"]
[Result "0-1"]
[WhiteElo "2620"]
[BlackElo "2802"]

1.e4 g6 2.d4 Bg7 3.Nf3 c6 4.Nc3 d6 5.h3 b5 6.Bd3 a6 7.a4 Bb7 8.O-O Nd7 9.Re1 e5
10.dxe5 dxe5 11.Bg5 Ngf6 12.Qd2 O-O 13.b4 Qe7 14.Ne2 Rfd8 15.Qc3 Rac8 16.Ng3 c5
17.axb5 c4 18.Bf1 axb5 19.Ra7 Bc6 20.Qa3 h6 21.Be3 Ra8 22.c3 Rxa7 23.Bxa7 Ra8
24.Qa6 Qd6 25.Ra1 Qc7 26.Be2 Bxe4 27.Qa5 Qb7 28.Ne1 Bc6 29.Bf3 e4 30.Be2 Nd5
31.Nxe4 Nxc3 32.Nxc3 Bxc3  0-1

[Event "Titled Tue 5th Nov Early"]
[Site "chess.com INT"]
[Date "2024.11.05"]
[Round "1"]
[White "Dziewonski,Dariusz"]
[Black "Nakamura,Hi"]
[Result "0-1"]
[WhiteElo "2206"]
[BlackElo "2802"]

1.e4 g6 2.d4 c6 3.Nc3 d5 4.Nf3 Bg7 5.h3 dxe4 6.Nxe4 Nf6 7.Bd3 O-O 8.c3 Nbd7
9.O-O Qc7 10.Re1 b6 11.Nxf6+ exf6 12.Qd2 Bb7 13.Qf4 Qc8 14.Qd6 Rd8 15.Qe7 Nf8
16.Qe2 c5 17.dxc5 bxc5 18.Be4 f5 19.Bxb7 Qxb7 20.Bg5 Rdb8 21.Bf4 Rc8 22.Qc2 Ne6
23.Be5 Bf8 24.c4 Rd8 25.Rad1 a5 26.Rxd8 Rxd8 27.Rd1 Qe4 28.Qxe4 fxe4 29.Rxd8 Nxd8
30.Nd2 f5 31.Bc7 Nc6 32.a4 Bg7 33.Nb3 Bxb2 34.Nxa5 Nb4 35.Nb3 Na6 36.Bb6 Ba3
37.Na5 Kf7 38.Kf1 Ke6 39.Ke2 Kd6 40.Nb3 Nb8 41.Bd8 Nd7 42.Bg5 Nb6 43.Bf4+ Kc6
44.a5 Nxc4 45.h4 Bb4 46.a6 Kb6 47.Be5 Nxe5  0-1

[Event "Titled Tue 5th Nov Late"]
[Site "chess.com INT"]
[Date "2024.11.05"]
[Round "1"]
[White "Esmeraldas Huachi,Anderson"]
[Black "Nakamura,Hi"]
[Result "0-1"]
[WhiteElo "2100"]
[BlackElo "2802"]

1.d4 g6 2.c4 Bg7 3.Nf3 d6 4.Bf4 c5 5.e3 Nc6 6.Nc3 cxd4 7.exd4 Bg4 8.d5 Nd4
9.Be2 Bxf3 10.Bxf3 Rc8 11.Be2 Qb6 12.Be3 Nh6 13.O-O Nhf5 14.g4 Nxe3 15.fxe3 Nxe2+
16.Qxe2 O-O 17.Rf4 Be5 18.Re4 f5 19.gxf5 Rxf5 20.Rf1 Rxf1+ 21.Kxf1 Bxc3 22.bxc3 Qb1+
23.Qe1 Qxe4  0-1

[Event "Titled Tue 5th Nov Early"]
[Site "chess.com INT"]
[Date "2024.11.05"]
[Round "2"]
[White "Nakamura,Hi"]
[Black "Hayrapetyan,Edgar"]
[Result "1-0"]
[WhiteElo "2802"]
[BlackElo "2149"]

1.b3 Nf6 2.Bb2 d5 3.d3 Bf5 4.Nd2 e6 5.g3 h6 6.Bg2 Bh7 7.e4 c6 8.Nh3 Nbd7
9.O-O Bc5 10.e5 Ng8 11.d4 Bb6 12.Qg4 Kf8 13.c4 Ne7 14.Nf4 Nf5 15.Nf3 g5 16.Nh5 Bg6
17.Qh3 Bxh5 18.Qxh5 Ng7 19.Qh3 Kg8 20.cxd5 cxd5 21.Rfc1 Rc8 22.Bf1 Rxc1 23.Rxc1 h5
24.g4 hxg4 25.Qxg4 Nf5 26.Bd3 Ng7 27.Nxg5 Rh6 28.h4 Ba5 29.Rc2 Nf8 30.Bc1 Bb6
31.Be3 Rh8 32.f3 Qd7 33.Rg2 Qe7 34.Nh7 f5 35.exf6  1-0

[Event "Titled Tue 5th Nov Late"]
[Site "chess.com INT"]
[Date "2024.11.05"]
[Round "2"]
[White "Nakamura,Hi"]
[Black "Asish Panda"]
[Result "1-0"]
[WhiteElo "2802"]
[BlackElo "1903"]

1.b3 d5 2.Bb2 Nf6 3.d3 e6 4.Nd2 Be7 5.e4 dxe4 6.dxe4 O-O 7.Bd3 h6 8.Ngf3 c5
9.O-O Nc6 10.e5 Nd5 11.a3 Qc7 12.g3 a5 13.c4 Nb6 14.Qe2 Bd7 15.Qe4 g6 16.Qe3 Kg7
17.Ne4 a4 18.bxa4 Nxa4 19.Bc1 Rh8 20.Bc2 Nxe5 21.Bxa4 Nxf3+ 22.Qxf3 Rxa4
23.Bb2+ e5 24.Nc3 Rxc4 25.Nd5 Qd6 26.Nxe7 Qxe7 27.Qd5 Rc2 28.Bxe5+ f6 29.Qb3 Re2
30.Bc3 Bc6 31.Qc4 Qe4 32.Qxe4 Bxe4 33.Rad1 Bc6 34.Rd6 Rf8 35.h4 h5 36.Rc1 Ra2
37.Re1 Rf7 38.Re3 Rxa3 39.Rxf6 Rxf6 40.Bxf6+ Kxf6 41.Rxa3 Ke5 42.Kf1 Kd4
43.Ke2 b5 44.Rd3+ Kc4 45.Rd6 Be4 46.f3 Bf5 47.Kd2 b4 48.g4 hxg4 49.fxg4 Bxg4
50.Rxg6 Bf5 51.Rg5 Bb1 52.h5 b3 53.Rg4+ Kd5 54.Kc3 Be4 55.Rxe4 Kxe4 56.h6 b2
57.Kxb2 Kd3 58.Kc1  1-0

[Event "Titled Tue 5th Nov Early"]
[Site "chess.com INT"]
[Date "2024.11.05"]
[Round "3"]
[White "Weishaeutel,Moritz"]
[Black "Nakamura,Hi"]
[Result "0-1"]
[WhiteElo "2401"]
[BlackElo "2802"]

1.e4 g6 2.h4 c5 3.h5 Bg7 4.Nc3 Nc6 5.Nf3 d6 6.Bc4 Nh6 7.d3 Bg4 8.hxg6 hxg6
9.Rh4 e6 10.Bg5 Bxf3 11.Qc1 Bf6 12.Bxf6 Qxf6 13.Rxh6 Bxg2 14.Qe3 Rxh6 15.Qxh6 Ke7
16.O-O-O Rh8 17.Qe3 Rh3 18.Qe1 Bf3 19.Ne2 Rh1 20.Qd2 Rxd1+ 21.Kxd1 Nd4 22.Qa5 Bxe2+
23.Ke1 Bh5  0-1

[Event "Titled Tue 5th Nov Late"]
[Site "chess.com INT"]
[Date "2024.11.05"]
[Round "3"]
[White "Schnaider,Ilan"]
[Black "Nakamura,Hi"]
[Result "0-1"]
[WhiteElo "2392"]
[BlackElo "2802"]

1.e4 g6 2.d4 c6 3.Nc3 d5 4.Nf3 Bg4 5.h3 Bxf3 6.Qxf3 e6 7.Bd3 Nf6 8.Bg5 Be7
9.e5 Nfd7 10.Bxe7 Qxe7 11.O-O O-O 12.Ne2 c5 13.c3 Nc6 14.Qe3 Rac8 15.a3 Rc7
16.Qh6 Rfc8 17.Rad1 cxd4 18.cxd4 f5 19.exf6 Qxf6 20.Bb1 Nb6 21.Qf4 Rf7 22.Qg3 Nc4
23.b4 b5 24.h4 Kh8 25.Qh3 Rg8 26.Rd3 Qe7 27.h5 g5 28.h6 Rf6 29.Ng3 Qf8 30.Qg4 Rxh6
31.Rf3 Qg7 32.Rd1 N6e5 33.dxe5 Nxe5 34.Qd4 Nxf3+ 35.gxf3 Qxd4 36.Rxd4 Rc8
37.Kg2 a6 38.Rd1 Kg7 39.Bd3 Rc3 40.Be2 Rh4 41.Re1 Rxa3 42.Bd1 Kf6 43.Re2 Rxb4
44.f4 gxf4 45.Nh5+ Ke7 46.Rc2 Rc4 47.Rd2 b4 48.Be2 b3 49.Bxc4 dxc4 50.Nxf4 c3
51.Re2 c2 52.Nd5+ Kd8 53.Nf4 c1=Q 54.Nxe6+ Kc8 55.Re3 Qxe3 56.fxe3 b2  0-1

[Event "Titled Tue 5th Nov Early"]
[Site "chess.com INT"]
[Date "2024.11.05"]
[Round "4"]
[White "Boyer,Mahel"]
[Black "Nakamura,Hi"]
[Result "1/2-1/2"]
[WhiteElo "2506"]
[BlackElo "2802"]

1.e4 d5 2.exd5 Qxd5 3.Nc3 Qd8 4.d4 Nf6 5.Nf3 a6 6.g3 b6 7.Bg2 Bb7 8.O-O e6
9.Qe2 Be7 10.Rd1 O-O 11.Bg5 h6 12.Bxf6 Bxf6 13.Ne4 Be7 14.Ne5 Ra7 15.Rd3 Nd7
16.Rad1 Qc8 17.c4 a5 18.Nc3 Bxg2 19.Kxg2 c6 20.Qf3 Rc7 21.Nxd7 Rxd7 22.d5 exd5
23.cxd5 Rd6 24.dxc6 Rxc6 25.Nd5 Bc5 26.a3 Re8 27.b4 Bf8 28.b5 Rce6 29.h4 Bc5
30.Nf4 R6e7 31.R1d2 a4 32.Nd5 Re5 33.Nc3 Bf8 34.Nxa4 Rxb5 35.Nc3 Rf5 36.Qd1 Bxa3
37.Nd5 Bc5 38.Rf3 h5 39.Rdd3 Rxf3 40.Qxf3 Qg4 41.Nf4 Qxf3+ 42.Kxf3 g6 43.Nd5 Kg7
44.Rb3 Re5 45.Nxb6 Rf5+ 46.Ke4 Bxf2 47.Nd5 Be1 48.Rf3 Rxf3 49.Kxf3 f6 50.g4 Bxh4
51.gxh5 gxh5 52.Nf4 Kh6 53.Ke4 Bg3 54.Nd5 Kg5 55.Ne3 h4 56.Nf5 Bf4 57.Nxh4 Kg4
58.Nf5 Bc7 59.Nd4 Bb6 60.Nf5 Bc5 61.Ng7 Be3 62.Nf5 Bh6 63.Nxh6+ Kh5 64.Nf5 Kg6
65.Kf4 Kf7 66.Ne3 Ke8 67.Ng4 Kd8 68.Nxf6  1/2-1/2

[Event "Titled Tue 5th Nov Late"]
[Site "chess.com INT"]
[Date "2024.11.05"]
[Round "4"]
[White "Nakamura,Hi"]
[Black "Maksimovic,Bojan"]
[Result "1-0"]
[WhiteElo "2802"]
[BlackElo "2504"]

1.b3 a6 2.Bb2 Nf6 3.g3 g6 4.Bg2 Bg7 5.e4 d6 6.d4 O-O 7.Ne2 Nc6 8.d5 Ne5 9.O-O c6
10.c4 cxd5 11.cxd5 e6 12.dxe6 Bxe6 13.Nbc3 Rc8 14.Qd2 Bg4 15.Nd4 Qb6 16.Kh1 Rfd8
17.h3 Bd7 18.Rad1 Be8 19.Rfe1 Qb4 20.Nc2 Qb6 21.Ne3 Qb4 22.f4 Nc6 23.Qf2 Ne7
24.e5 dxe5 25.fxe5 Nd7 26.Ned5 Nxd5 27.Nxd5 Qf8 28.Kh2 Nc5 29.Ba3 Rc6 30.Nf6+ Bxf6
31.Bxc6 Rxd1 32.Rxd1 Be7 33.Bxe8 Ne4 34.Qxf7+ Qxf7 35.Bxf7+  1-0

[Event "Titled Tue 5th Nov Early"]
[Site "chess.com INT"]
[Date "2024.11.05"]
[Round "5"]
[White "Nakamura,Hi"]
[Black "Hamidov,Allahverdi"]
[Result "1-0"]
[WhiteElo "2802"]
[BlackElo "2247"]

1.b3 d5 2.Bb2 Nf6 3.g3 e6 4.Bg2 Be7 5.d3 O-O 6.Nd2 c5 7.e4 Nc6 8.Ngf3 b5
9.O-O a5 10.a4 bxa4 11.Rxa4 Ba6 12.Ne5 Nxe5 13.Bxe5 Bb5 14.Ra2 a4 15.exd5 exd5
16.c4 Bc6 17.bxa4 Qd7 18.a5 dxc4 19.Bxf6 Bxg2 20.Kxg2 Bxf6 21.Nxc4 Rfd8 22.Ra3 Qb7+
23.Qf3 Qb4 24.Rd1 Ra6 25.Rd2 h6 26.Re2 g6 27.Qf4 Kg7 28.Qf3 Rd4 29.Re4 Rxe4
30.Qxe4 Bd4 31.Ra2 Re6 32.Qf3 Qb3 33.Rd2 Re1 34.Re2 Ra1 35.Re7 Bf6 36.Rb7 Qc2
37.Nd6 Qc1 38.Rxf7+ Kg8 39.Qa8+  1-0

[Event "Titled Tue 5th Nov Late"]
[Site "chess.com INT"]
[Date "2024.11.05"]
[Round "5"]
[White "Ivic,Velimir"]
[Black "Nakamura,Hi"]
[Result "0-1"]
[WhiteElo "2622"]
[BlackElo "2802"]

1.e4 c6 2.d4 d5 3.e5 Bf5 4.h4 h5 5.Bd3 Bxd3 6.Qxd3 e6 7.Bg5 Qb6 8.Nd2 c5
9.c4 Nc6 10.Ne2 cxd4 11.cxd5 Nb4 12.Qb3 Nxd5 13.Qa4+ Qc6 14.Qxc6+ bxc6 15.Nxd4 c5
16.N4f3 Nge7 17.Ne4 Nc6 18.O-O Nb6 19.Rac1 Nd7 20.Rfd1 Rc8 21.Nd6+ Bxd6 22.Rxd6 Rc7
23.Be3 Ne7 24.b4 Nf5 25.Bxc5 Nxd6 26.exd6 Rc8 27.Nd4 a6 28.Nb3 e5 29.a4 f6
30.Rd1 Kf7 31.Be3 Rc6 32.Nc5 Nxc5 33.Bxc5 Ke6 34.a5 Rd8 35.f3 Rd7 36.Kf2 Rc8
37.Ke2 g6 38.Ke3 f5 39.g3 Rdd8 40.Rd2 Rc6 41.Kf2 Kd7 42.Re2 Re8 43.Re3 Re6
44.Ke2 Rc8 45.Kf2 Rce8 46.Rb3 e4 47.f4 e3+ 48.Ke2 Re4 49.b5 axb5 50.Rxb5 Kc6
51.d7 Kxb5 52.dxe8=Q+ Rxe8 53.Bb6 Re4 54.Bc7 Ka6 55.Bb6 Re6 56.Bc7 Kb7 57.Bd8 Kc6
58.Bb6 Re8 59.Bxe3 Kb5 60.Kd3 Kxa5 61.Bd4 Kb5 62.Bc3 Kc6 63.Kd4 Re4+ 64.Kd3 Kd5
65.Bd2 Ra4  0-1

[Event "Titled Tue 5th Nov Early"]
[Site "chess.com INT"]
[Date "2024.11.05"]
[Round "6"]
[White "Nakamura,Hi"]
[Black "Rustemov,A"]
[Result "1-0"]
[WhiteElo "2802"]
[BlackElo "2525"]

1.b3 d5 2.Bb2 Nf6 3.d3 c5 4.Nd2 Nc6 5.e4 e5 6.g3 d4 7.Ne2 g5 8.h4 g4 9.Bg2 h5
10.O-O Rg8 11.Bc1 Bd6 12.Nc4 Be6 13.Nxd6+ Qxd6 14.Bg5 Nd7 15.c3 f6 16.Bd2 a5
17.Kh2 dxc3 18.Nxc3 Nd4 19.Be3 O-O-O 20.Rb1 Kb8 21.a3 Rc8 22.Na4 b5 23.Nc3 b4
24.Ne2 Kb7 25.Qd2 Nb8 26.axb4 axb4 27.Bxd4 cxd4 28.Ra1 Nc6 29.Rfc1 Ra8 30.Rab1 Rgc8
31.Qh6 Qe7 32.Rc2 Rh8 33.Qd2 Na5 34.Nxd4 exd4 35.e5+ Kb6 36.exf6 Qd6 37.Bxa8 Rxa8
38.Qg5 Bd5 39.Re2 Rf8 40.Re5 Rd8 41.Rbe1 Nc6 42.Rf5 Bxb3 43.f7 Rf8 44.Rf6 Qd7
45.Rc1 Bd5 46.Qxh5 Rxf7 47.Rcxc6+ Bxc6 48.Qxf7 Qxf7 49.Rxf7 b3 50.Re7 Bb5
51.Re2 Bxd3 52.Rb2 Bc2 53.h5 d3 54.h6 d2 55.h7 d1=Q 56.h8=Q Qf3 57.Qb8+ Kc5
58.Qc7+ Kd5 59.Rxc2 bxc2 60.Qxc2 Ke5 61.Qc5+ Kf6 62.Qf8+ Kg5 63.Qxf3 gxf3
64.Kh3 Kf5 65.g4+ Kf4 66.Kh4  1-0

[Event "Titled Tue 5th Nov Late"]
[Site "chess.com INT"]
[Date "2024.11.05"]
[Round "6"]
[White "Nakamura,Hi"]
[Black "Duda,J"]
[Result "1-0"]
[WhiteElo "2802"]
[BlackElo "2740"]

1.b3 b6 2.Bb2 Bb7 3.Nf3 Nf6 4.e3 g6 5.d4 Bg7 6.Be2 O-O 7.O-O c5 8.dxc5 bxc5
9.c4 d6 10.Qc1 Nbd7 11.Nfd2 Ne5 12.Nc3 e6 13.Qc2 Qe7 14.Rad1 Rfd8 15.h3 Rac8
16.Rfe1 d5 17.cxd5 exd5 18.Na4 d4 19.Nc4 Nd5 20.exd4 cxd4 21.Bxd4 Nf4 22.Bxe5 Nxg2
23.Bxg7 Nxe1 24.Rxe1 Kxg7 25.Qc3+ Kg8 26.Bg4 Qg5 27.Qe5 Qxe5 28.Rxe5 Rc7
29.Nc5 Bc8 30.Bxc8 Rdxc8 31.Ne4 Kg7 32.Ned6 f6 33.Re3  1-0

[Event "Titled Tue 5th Nov Late"]
[Site "chess.com INT"]
[Date "2024.11.05"]
[Round "7"]
[White "Xiong,Jeffery"]
[Black "Nakamura,Hi"]
[Result "0-1"]
[WhiteElo "2636"]
[BlackElo "2802"]

1.d4 d5 2.c4 e6 3.Nf3 a6 4.Bg5 Be7 5.Bxe7 Qxe7 6.Nbd2 Nf6 7.g3 O-O 8.Bg2 Rd8
9.Qc2 dxc4 10.Qxc4 b5 11.Qc2 Bb7 12.O-O Rc8 13.Nb3 Nbd7 14.Na5 Be4 15.Qd2 c5
16.dxc5 Rxc5 17.Rac1 Rac8 18.Rxc5 Rxc5 19.Rc1 Bd5 20.Nd4 Bxg2 21.Kxg2 Qd6
22.Rxc5 Nxc5 23.Ndb3 Qxd2 24.Nxd2 Na4 25.Ndb3 Nd7 26.Nc6 Nxb2 27.Nb4 Nb8
28.Kf3 Nc4 29.Nd4 Kf8 30.Ke4 Ke7 31.f4 Kd6 32.Kd3 Kc5 33.Kc3 Ne3 34.Nd3+ Kd6
35.Ne5 f6 36.Nd3 Nc6 37.Nxc6 Kxc6 38.Nb4+ Kb6 39.Kd4 Nf1 40.e4 Nxh2 41.f5 exf5
42.exf5 Nf1 43.g4 Nh2 44.Nd5+ Kc6 45.Nb4+ Kb7 46.g5 fxg5  0-1

[Event "Titled Tue 5th Nov Early"]
[Site "chess.com INT"]
[Date "2024.11.05"]
[Round "7"]
[White "Ivic,Velimir"]
[Black "Nakamura,Hi"]
[Result "0-1"]
[WhiteElo "2622"]
[BlackElo "2802"]

1.e4 e5 2.Nf3 Nc6 3.Bb5 a6 4.Ba4 Bc5 5.c3 Nge7 6.d4 exd4 7.cxd4 Bb4+ 8.Bd2 Bxd2+
9.Qxd2 d5 10.exd5 Qxd5 11.Nc3 Qe6+ 12.Qe3 O-O 13.O-O Nb4 14.Bb3 Qd6 15.Rfe1 Nbd5
16.Nxd5 Nxd5 17.Qe4 Nf6 18.Qh4 c6 19.Ne5 Bd7 20.Re3 Rad8 21.Rae1 Bf5 22.Rg3 Bg6
23.Rxg6 hxg6 24.Nxg6 Nh7 25.Nxf8 Rxf8 26.Re7 b5 27.h3 Nf6 28.Re3 Rd8 29.Rd3 c5
30.Rd2 cxd4 31.Rd3 Qe5 32.Qg3 Qe2 33.Kh2 Qe4 34.Bc2 Qc6 35.Rf3 Qxc2 36.Rxf6 d3
37.Rd6 Rxd6 38.Qxd6 d2 39.Qd8+ Kh7 40.Qh4+ Kg6 41.Qg4+ Kf6 42.Qf4+ Ke6 43.Qe3+ Kd6
44.Qd4+ Kc6  0-1

[Event "Titled Tue 5th Nov Late"]
[Site "chess.com INT"]
[Date "2024.11.05"]
[Round "8"]
[White "Nakamura,Hi"]
[Black "Caruana,F"]
[Result "1-0"]
[WhiteElo "2802"]
[BlackElo "2805"]

1.e4 c5 2.c3 d5 3.exd5 Qxd5 4.Nf3 Nf6 5.Na3 e6 6.d4 a6 7.Nc4 Nbd7 8.Ne3 Qd6
9.g3 b6 10.Nc4 Qc6 11.Bg2 Bb7 12.Ne3 Qc7 13.O-O Be7 14.Qe2 O-O 15.Rd1 Rfe8
16.Nc4 cxd4 17.Bf4 Qc6 18.cxd4 Rac8 19.Rac1 Qb5 20.b3 a5 21.a4 Qh5 22.Re1 Bb4
23.Bd2 Bxd2 24.Nfxd2 Qxe2 25.Rxe2 Bxg2 26.Kxg2 Nd5 27.Ne4 Rc6 28.Rce1 Rd8
29.Ned6 N7f6 30.Nxf7 Rf8 31.Ng5 Ng4 32.h3 Nh6 33.Nxe6 Re8 34.Ng5 Rxe2 35.Rxe2 Rc8
36.Re5 Rd8 37.Ne3 Nc3 38.Re6 Nf7 39.Nxf7 Kxf7 40.Rxb6 Rxd4 41.Rb7+ Kf6 42.Rxg7 Rd2
43.Rxh7 Ne4 44.Ng4+  1-0

[Event "Titled Tue 5th Nov Early"]
[Site "chess.com INT"]
[Date "2024.11.05"]
[Round "8"]
[White "Nakamura,Hi"]
[Black "Bok,B"]
[Result "1/2-1/2"]
[WhiteElo "2802"]
[BlackElo "2593"]

1.b3 d5 2.Bb2 Bf5 3.d3 e6 4.Nd2 h6 5.e4 Bh7 6.g3 Nf6 7.Bg2 Be7 8.Nh3 O-O
9.O-O a5 10.a3 dxe4 11.dxe4 Nc6 12.Nf4 Bc5 13.e5 Nd5 14.Nxd5 exd5 15.Re1 Bd4
16.Qc1 Re8 17.c4 Rxe5 18.Rxe5 Bxe5 19.cxd5 Nd4 20.Bxd4 Bxd4 21.Ra2 Qf6 22.Nf3 Bb6
23.Re2 Bd3 24.Re1 Rd8 25.Re5 Bd4 26.Re1 Bb6 27.Re5 Bd4 28.Rh5 Bb6 29.Re5  1/2-1/2

[Event "Titled Tue 5th Nov Late"]
[Site "chess.com INT"]
[Date "2024.11.05"]
[Round "9"]
[White "Bok,B"]
[Black "Nakamura,Hi"]
[Result "1-0"]
[WhiteElo "2593"]
[BlackElo "2802"]

1.d4 Nf6 2.c4 e6 3.Nc3 Bb4 4.Qc2 O-O 5.a3 Bxc3+ 6.Qxc3 d5 7.Bg5 dxc4 8.Qxc4 b6
9.Rd1 Ba6 10.Qa4 Qd7 11.Qc2 Qe7 12.Nf3 h6 13.Bxf6 Qxf6 14.g3 Bb7 15.Bg2 g6
16.Qxc7 Bd5 17.Qf4 Qxf4 18.gxf4 Nc6 19.O-O Rac8 20.e3 Na5 21.Ne5 Rc2 22.Bxd5 exd5
23.Nd3 Nb3 24.Nb4 Rxb2 25.Rb1 Rxb1 26.Rxb1 Nd2 27.Rc1 Rd8 28.Rc7 a5 29.Nc6 Rd6
30.Ne5 f5 31.a4 g5 32.fxg5 hxg5 33.f3 g4 34.fxg4 fxg4 35.Nxg4 Nc4 36.Kf2 Nb2
37.Kf3 Nxa4 38.Kf4 Nb2 39.Ke5 Nc4+ 40.Rxc4 dxc4 41.Kxd6 c3 42.Nf2 a4 43.Nd3 a3
44.Nb4 b5 45.d5 Kf7 46.Ke5  1-0

[Event "Titled Tue 5th Nov Early"]
[Site "chess.com INT"]
[Date "2024.11.05"]
[Round "9"]
[White "Svane,Frederik"]
[Black "Nakamura,Hi"]
[Result "1-0"]
[WhiteElo "2654"]
[BlackElo "2802"]

1.e4 c5 2.Nf3 g6 3.Bc4 Bg7 4.c3 d6 5.d4 Nf6 6.dxc5 O-O 7.Qe2 dxc5 8.O-O Nc6
9.e5 Nd5 10.Rd1 e6 11.Bg5 Qc7 12.Re1 h6 13.Bh4 b6 14.Nbd2 Bb7 15.Bg3 Nce7
16.h4 h5 17.Ne4 Nf5 18.Bh2 Qe7 19.Nd6 Bc6 20.Nxf5 exf5 21.Rad1 Rad8 22.e6 f6
23.Bb5 Bb7 24.c4 Nb4 25.Bd7 Be4 26.Bd6 Rxd7 27.exd7 Qd8 28.Bxf8 Bxf8 29.Nd2 Bc6
30.Qe6+ Kg7 31.Nf3 Be4 32.Rxe4 fxe4 33.Qxe4 Kf7 34.a3 Na6 35.Qd5+ Kg7 36.Qb7 Nc7
37.Qxc7 Be7 38.Qxd8  1-0

[Event "Titled Tue 5th Nov Early"]
[Site "chess.com INT"]
[Date "2024.11.05"]
[Round "10"]
[White "Nakamura,Hi"]
[Black "Puzyrevsky,Semen"]
[Result "1-0"]
[WhiteElo "2802"]
[BlackElo "2246"]

1.b3 e5 2.Bb2 Nc6 3.e3 Nf6 4.Bb5 Bd6 5.Na3 Na5 6.Be2 a6 7.c4 O-O 8.Nc2 Nc6
9.d4 exd4 10.exd4 Re8 11.Nf3 Bf8 12.d5 Nb8 13.O-O d6 14.Bd3 g6 15.Qd2 Bg7
16.Rae1 Rxe1 17.Rxe1 Bg4 18.Nfd4 a5 19.Bc3 Na6 20.Na3 Nc5 21.Bc2 Bd7 22.Nab5 b6
23.a3 a4 24.b4 Nb3 25.Qe2 Nxd4 26.Nxd4 Qf8 27.Qd1 Re8 28.Nc6 Rxe1+ 29.Bxe1 Qe8
30.Bxa4 Qe4 31.Bb3 Bxc6 32.dxc6 Qxc6 33.f3 b5 34.cxb5 Qxb5 35.a4 Qb6+ 36.Kf1 Nd7
37.a5 Qb5+ 38.Qe2 Qxe2+ 39.Kxe2 Bd4 40.Ba4 Nb8 41.b5 Kf8 42.Bf2 Bxf2 43.Kxf2 Ke7
44.a6 Nd7 45.a7 Nb6 46.Bb3 c6 47.bxc6 Kd8 48.Bxf7 Kc7 49.Bg8 h6 50.Bf7 g5
51.Bd5 Na8 52.f4 gxf4 53.Kf3 Kb6 54.Kxf4 Nc7 55.Bf3 Kxa7 56.Kf5 Kb6 57.Kg6 d5
58.Kxh6 Kxc6 59.g4 Kd6 60.g5 Ne6 61.g6 Nd4 62.Bg4 Ke7 63.g7 Kf7 64.Kh7  1-0

[Event "Titled Tue 5th Nov Late"]
[Site "chess.com INT"]
[Date "2024.11.05"]
[Round "10"]
[White "Nakamura,Hi"]
[Black "Esipenko,Andrey"]
[Result "1-0"]
[WhiteElo "2802"]
[BlackElo "2682"]

1.b3 e5 2.Bb2 Nc6 3.e3 g6 4.d4 Bg7 5.d5 Nb8 6.d6 cxd6 7.Qxd6 Nc6 8.Nc3 Nge7
9.O-O-O Nf5 10.Qd2 h5 11.h3 h4 12.Nf3 O-O 13.Ne4 d5 14.Qxd5 Qc7 15.Bb5 Be6
16.Qc5 Rac8 17.Bxc6 Qxc6 18.Qxc6 Rxc6 19.Nxe5 Rc7 20.Rd2 Re8 21.Ng4 Bxb2+
22.Kxb2 Kg7 23.Nef6 Rec8 24.e4 Ne7 25.Rhd1 b5 26.Nd5 Rb7 27.Nge3 Nc6 28.Nf4 Re7
29.Nxe6+ Rxe6 30.f3 f5 31.Rd7+ Kh6 32.R1d6 Rce8 33.exf5  1-0

[Event "Titled Tue 5th Nov Late"]
[Site "chess.com INT"]
[Date "2024.11.05"]
[Round "11"]
[White "Kravtsiv,M"]
[Black "Nakamura,Hi"]
[Result "0-1"]
[WhiteElo "2598"]
[BlackElo "2802"]

1.e4 c6 2.Nf3 d5 3.d3 Qc7 4.Nc3 Nf6 5.Qe2 Bg4 6.h3 Bxf3 7.Qxf3 e6 8.Bd2 Nbd7
9.g4 d4 10.Nd1 Bd6 11.g5 Ng8 12.h4 Ne7 13.h5 Rf8 14.Bg2 O-O-O 15.b3 f5 16.Nb2 fxe4
17.Qxe4 Nd5 18.Nc4 Bb4 19.Bxb4 Nxb4 20.Qe2 Qf4 21.g6 hxg6 22.hxg6 Nd5 23.Qd2 Qg4
24.Bh3 Qf3 25.Rg1 Qxh3 26.O-O-O Qf3 27.Qa5 Kb8 28.Rde1 Qf4+ 29.Kb2 Rde8 30.Re4 Qc7
31.Qd2 e5 32.Rge1 Nc3 33.Rh4 b5 34.Nxe5 Nxe5 35.Rxd4 Nd5 36.Rde4 Re7 37.Qg5 Nf3  0-1

[Event "Titled Tue 5th Nov Early"]
[Site "chess.com INT"]
[Date "2024.11.05"]
[Round "11"]
[White "Le Tuan Minh"]
[Black "Nakamura,Hi"]
[Result "0-1"]
[WhiteElo "2598"]
[BlackElo "2802"]

1.d4 c5 2.d5 e5 3.e4 d6 4.Nc3 a6 5.a4 g6 6.f4 exf4 7.Bxf4 Bg7 8.Nf3 Nf6 9.Bc4 Bg4
10.O-O O-O 11.h3 Bxf3 12.Qxf3 Ne8 13.Kh1 Nd7 14.Be2 Qe7 15.a5 Be5 16.Bh6 Ng7
17.Bd3 Rae8 18.Rae1 Qh4 19.Qe3 f6 20.Ne2 Rf7 21.Bxg7 Kxg7 22.c3 Rfe7 23.Bc2 f5
24.Nf4 Bxf4 25.Rxf4 Qg5 26.Ref1 Nf6 27.c4 Nxe4 28.Kh2 Qf6 29.Qb3 Nd2 30.Qg3 Nxf1+
31.Rxf1 Qe5 32.Rf4 Kh8 33.h4 Qxb2 34.Ba4 Rf8 35.h5 gxh5 36.Bd1 Rg7 37.Qh3 Qe5
38.g3 Qb2+ 39.Kh1 Re7 40.Rf1 Qd2 41.Qh4 Re1  0-1

[Event "Titled Tue 12th Nov Late"]
[Site "chess.com INT"]
[Date "2024.11.12"]
[Round "1"]
[White "Nakamura,Hi"]
[Black "Rodriguez Fontecha,M"]
[Result "1-0"]
[WhiteElo "2802"]
[BlackElo "2278"]

1.b3 d5 2.Bb2 Bf5 3.d3 e6 4.Nd2 Nf6 5.g3 Bd6 6.Bg2 Nbd7 7.e4 dxe4 8.dxe4 Bg4
9.Ngf3 e5 10.h3 Bh5 11.Qe2 Qe7 12.Nc4 O-O 13.O-O Rfe8 14.Rfe1 Qe6 15.g4 Bg6
16.Nh4 Bb4 17.Red1 Rad8 18.Nf5 Qa6 19.Rd3 h5 20.g5 Nh7 21.Rad1 Qe6 22.h4 Nhf8
23.Nxe5 Bxf5 24.exf5 Qxf5 25.Bh3 Nxe5 26.Bxf5 Nxd3 27.Rxd3 Rxe2 28.Rxd8 Bd6
29.Bd4 g6 30.Kf1 Rd2 31.Bd3 Rd1+ 32.Kg2 Re1 33.Bxa7 Re7 34.Bb5 Be5 35.Bc5 Bd6
36.Bxd6 cxd6 37.Rxd6 Rc7 38.Bc4 Kg7 39.a4 Nd7 40.f4 Nc5 41.Kf3 Ne6 42.Bxe6  1-0

[Event "Titled Tue 12th Nov Early"]
[Site "chess.com INT"]
[Date "2024.11.12"]
[Round "1"]
[White "Rengifo Blancas,Renzo Jhonathan"]
[Black "Nakamura,Hi"]
[Result "0-1"]
[WhiteElo "2117"]
[BlackElo "2802"]

1.e4 c6 2.d4 g6 3.Nc3 d5 4.e5 a6 5.f4 h5 6.Nf3 Bg4 7.Be3 e6 8.Bf2 Nd7 9.h3 Bxf3
10.Qxf3 h4 11.Bd3 c5 12.dxc5 Bxc5 13.O-O Rc8 14.Rfd1 Ne7 15.a3 Qb6 16.Na4 Bxf2+
17.Qxf2 Qxf2+ 18.Kxf2 g5 19.fxg5 Nxe5 20.Rac1 Rg8 21.g3 hxg3+ 22.Kxg3 Rxg5+
23.Kf4 f6 24.h4 N7g6+ 25.Bxg6+ Rxg6 26.h5 Rc4+ 27.Ke3 Rg3+ 28.Kf2 Rf3+ 29.Kg2 Rg4+
30.Kh2 Rf5  0-1

[Event "Titled Tue 12th Nov Late"]
[Site "chess.com INT"]
[Date "2024.11.12"]
[Round "2"]
[White "De Boer,Eelke"]
[Black "Nakamura,Hi"]
[Result "0-1"]
[WhiteElo "2421"]
[BlackElo "2802"]

1.e4 g6 2.d4 c6 3.Nc3 d5 4.h3 dxe4 5.Nxe4 Nf6 6.Nxf6+ exf6 7.Nf3 Bg7 8.Be2 O-O
9.O-O Qc7 10.c3 Be6 11.Re1 Nd7 12.Be3 Rad8 13.Qd2 b5 14.Bf4 Qb7 15.a4 a6
16.axb5 cxb5 17.Bh6 Nb6 18.Bxg7 Kxg7 19.Qf4 Bd5 20.h4 h5 21.Bd3 Na4 22.Re2 Rd7
23.Rae1 b4 24.c4 Bxf3 25.gxf3 Nc5 26.Bxg6 Ne6 27.Qg3 Kh8 28.Be4 Qc8 29.Kh1 Rg8
30.Qh2 Rxd4 31.Bd5 a5 32.Rxe6 fxe6 33.Bxe6 Qe8 34.Qh3 Rg7 35.c5 f5 36.Re5 Qg6
37.Re1 Rxh4 38.Qxh4 Qg2+  0-1

[Event "Titled Tue 12th Nov Early"]
[Site "chess.com INT"]
[Date "2024.11.12"]
[Round "2"]
[White "Nakamura,Hi"]
[Black "Souleidis,G"]
[Result "1-0"]
[WhiteElo "2802"]
[BlackElo "2418"]

1.b3 d5 2.Bb2 Bf5 3.d3 e6 4.Nd2 Nf6 5.g3 c6 6.Bg2 h6 7.e4 Bh7 8.Nh3 Bc5 9.Qe2 O-O
10.O-O a5 11.a3 Qe7 12.e5 Nfd7 13.d4 Ba7 14.c4 Na6 15.Nf4 Nc7 16.Rac1 f6
17.Nf3 fxe5 18.Nxe5 Nxe5 19.Qxe5 Rae8 20.Rfe1 Qd7 21.Qe2 Bb8 22.Nd3 Na6 23.Ne5 Bxe5
24.Qxe5 Nc7 25.Qe2 Bf5 26.Rc3 Re7 27.Re3 Ref7 28.Bc3 b6 29.f4 Ne8 30.c5 bxc5
31.dxc5 Nf6 32.Bd4 Be4 33.Bh3 Bf5 34.Bf1 Ng4 35.Rc3 Nf6 36.b4 axb4 37.axb4 Ne4
38.Ra3 Rb8 39.Qb2 Qb7 40.b5 Bh7 41.b6 Qe7 42.Ra7 Rb7 43.Rxb7 Qxb7 44.Ra1 Bf5
45.Ra7 Qb8 46.Rxf7 Kxf7 47.Qa1 Ke8 48.Qa7  1-0

[Event "Titled Tue 12th Nov Late"]
[Site "chess.com INT"]
[Date "2024.11.12"]
[Round "3"]
[White "Nakamura,Hi"]
[Black "Javakhadze,Z"]
[Result "1-0"]
[WhiteElo "2802"]
[BlackElo "2417"]

1.b3 d6 2.Bb2 e5 3.e3 Nc6 4.d4 exd4 5.exd4 d5 6.h3 Nf6 7.Bd3 Bb4+ 8.c3 Bd6
9.Nf3 O-O 10.O-O Ne7 11.c4 c6 12.Qc2 Ng6 13.Re1 Nf4 14.Nc3 Nxd3 15.Qxd3 Re8
16.cxd5 cxd5 17.Ne5 a6 18.Re3 Bb4 19.Rae1 Be6 20.f3 Rc8 21.Qd2 Qa5 22.a3 Bd6
23.b4 Qd8 24.Qf2 Nh5 25.f4 g6 26.f5 Bxf5 27.Nxf7 Rxe3 28.Nxd8 Rxe1+ 29.Qxe1 Rxd8
30.g4 Nf4 31.gxf5 Nd3 32.Qe6+  1-0